<?xml version="1.0" encoding="UTF-8"?>
<record
    xmlns:xsi="http://www.w3.org/2001/XMLSchema-instance"
    xsi:schemaLocation="http://www.loc.gov/MARC21/slim http://www.loc.gov/standards/marcxml/schema/MARC21slim.xsd"
    xmlns="http://www.loc.gov/MARC21/slim">

  <leader>02321nkc a22003017a 4500</leader>
  <controlfield tag="001">86385</controlfield>
  <controlfield tag="005">20260615145631.0</controlfield>
  <controlfield tag="007">kh bo </controlfield>
  <controlfield tag="008">260611s1880    sp ||||| |||| |0| i|spa d</controlfield>
  <datafield tag="040" ind1=" " ind2=" ">
    <subfield code="a">M-RABA</subfield>
    <subfield code="b">spa</subfield>
    <subfield code="c">M-RABA</subfield>
  </datafield>
  <datafield tag="100" ind1="2" ind2=" ">
    <subfield code="a">Adelphoi Zangaki (Firm)</subfield>
    <subfield code="9">111972</subfield>
  </datafield>
  <datafield tag="245" ind1="1" ind2="1">
    <subfield code="a">[Arte egipcio</subfield>
    <subfield code="b">: monumentos, esculturas y momias]</subfield>
    <subfield code="c">/ Adelphoi Zangaki (Firm)</subfield>
    <subfield code="h">[Material gr&#xE1;fico]</subfield>
  </datafield>
  <datafield tag="260" ind1=" " ind2=" ">
    <subfield code="a">Egipto</subfield>
    <subfield code="b">: Adelphoi Zangaki (Firm)</subfield>
    <subfield code="c">,[1880]</subfield>
  </datafield>
  <datafield tag="300" ind1=" " ind2=" ">
    <subfield code="a">6 fotograf&#xED;as</subfield>
    <subfield code="b">: alb&#xFA;mina</subfield>
    <subfield code="c">; 28 x 22 cm</subfield>
  </datafield>
  <datafield tag="500" ind1="0" ind2="0">
    <subfield code="a">Conjunto de diferentes fotograf&#xED;as de estatuas y monumentos egipcios.</subfield>
  </datafield>
  <datafield tag="500" ind1="0" ind2="0">
    <subfield code="a">Inscripciones impresas a pie de foto: "N&#xBA; 968 Louxor Statue de Ramses II" [Templo de Luxor. Estatua de Ramses III] (Fot-1999) -- "N&#xBA; 970 Louxor. Colonnade du petit temple" [Columnata del peque&#xF1;o templo] (Fot-2000) -- "N&#xBA; 973 Colonade du grand temple de Louxor" [Columnata del gran templo] (Fot-2001) -- "N&#xBA;986 Karnak. Salle hypostyle [ilegible]" [Karnak. Sala Hip&#xF3;stila] (Fot-2002) -- "[ilegible]" [Templo funenario de Rams&#xE9;s III ] (Fot-2003) --"N&#xBA; 409 [ilegible]" [Momia] (Fot-2004) </subfield>
  </datafield>
  <datafield tag="500" ind1="0" ind2="0">
    <subfield code="a">Fecha tomada del auge de la t&#xE9;cnica.</subfield>
  </datafield>
  <datafield tag="651" ind1=" " ind2="0">
    <subfield code="a">Egipto.-</subfield>
    <subfield code="x">Arqueolog&#xED;a</subfield>
    <subfield code="9">106826</subfield>
  </datafield>
  <datafield tag="655" ind1=" " ind2="0">
    <subfield code="a">Fotograf&#xED;as de monumentos</subfield>
    <subfield code="9">111580</subfield>
  </datafield>
  <datafield tag="852" ind1=" " ind2=" ">
    <subfield code="j">Fot-1999; Fot-2000; Fot-2001; Fot-2002; Fot-2003; Fot-2004</subfield>
  </datafield>
  <datafield tag="856" ind1=" " ind2=" ">
    <subfield code="u">https://archivoybiblioteca.realacademiabellasartessanfernando.com/cgi-bin/koha/opac-retrieve-file.pl?id=9fafb1c5f985f329b986802fc78d60d5</subfield>
    <subfield code="y">Fot-1999</subfield>
  </datafield>
  <datafield tag="856" ind1=" " ind2=" ">
    <subfield code="u">https://archivoybiblioteca.realacademiabellasartessanfernando.com/cgi-bin/koha/opac-retrieve-file.pl?id=6690d58ed2bff8cf09e0d0be838f3081</subfield>
    <subfield code="y">Fot-2000</subfield>
  </datafield>
  <datafield tag="856" ind1=" " ind2=" ">
    <subfield code="u">https://archivoybiblioteca.realacademiabellasartessanfernando.com/cgi-bin/koha/opac-retrieve-file.pl?id=2f9906eacf1c4b04b1d20d41b335aa03</subfield>
    <subfield code="y">Fot-2001</subfield>
  </datafield>
  <datafield tag="856" ind1=" " ind2=" ">
    <subfield code="u">https://archivoybiblioteca.realacademiabellasartessanfernando.com/cgi-bin/koha/opac-retrieve-file.pl?id=97cda15843b98aece3f9ae8242fddbd0</subfield>
    <subfield code="y">Fot-2002</subfield>
  </datafield>
  <datafield tag="856" ind1=" " ind2=" ">
    <subfield code="u">https://archivoybiblioteca.realacademiabellasartessanfernando.com/cgi-bin/koha/opac-retrieve-file.pl?id=024e4e72b393159281e3e003d1960a66</subfield>
    <subfield code="y">Fot-2003</subfield>
  </datafield>
  <datafield tag="856" ind1=" " ind2=" ">
    <subfield code="u">https://archivoybiblioteca.realacademiabellasartessanfernando.com/cgi-bin/koha/opac-retrieve-file.pl?id=98f3e8ed41daba0720406b6a8f696b63</subfield>
    <subfield code="y">Fot-2004</subfield>
  </datafield>
  <datafield tag="942" ind1=" " ind2=" ">
    <subfield code="c">FOTOGRAF&#xCD;A</subfield>
    <subfield code="n">0</subfield>
  </datafield>
  <datafield tag="952" ind1=" " ind2=" ">
    <subfield code="0">0</subfield>
    <subfield code="1">0</subfield>
    <subfield code="2">ddc</subfield>
    <subfield code="4">0</subfield>
    <subfield code="7">0</subfield>
    <subfield code="8">FOTOGRAFIA</subfield>
    <subfield code="a">RABASF</subfield>
    <subfield code="b">RABASF</subfield>
    <subfield code="c">DP2</subfield>
    <subfield code="d">2026-06-11</subfield>
    <subfield code="l">0</subfield>
    <subfield code="o">Fot-1999</subfield>
    <subfield code="p">1098158</subfield>
    <subfield code="r">2026-06-11 14:03:42</subfield>
    <subfield code="w">2026-06-11</subfield>
    <subfield code="y">FOTOGRAF&#xCD;A</subfield>
  </datafield>
  <datafield tag="952" ind1=" " ind2=" ">
    <subfield code="0">0</subfield>
    <subfield code="1">0</subfield>
    <subfield code="2">ddc</subfield>
    <subfield code="4">0</subfield>
    <subfield code="7">0</subfield>
    <subfield code="8">FOTOGRAFIA</subfield>
    <subfield code="a">RABASF</subfield>
    <subfield code="b">RABASF</subfield>
    <subfield code="c">DP2</subfield>
    <subfield code="d">2026-06-11</subfield>
    <subfield code="l">0</subfield>
    <subfield code="o">Fot-2000</subfield>
    <subfield code="p">1098159</subfield>
    <subfield code="r">2026-06-11 14:03:42</subfield>
    <subfield code="w">2026-06-11</subfield>
    <subfield code="y">FOTOGRAF&#xCD;A</subfield>
  </datafield>
  <datafield tag="952" ind1=" " ind2=" ">
    <subfield code="0">0</subfield>
    <subfield code="1">0</subfield>
    <subfield code="2">ddc</subfield>
    <subfield code="4">0</subfield>
    <subfield code="7">0</subfield>
    <subfield code="8">FOTOGRAFIA</subfield>
    <subfield code="a">RABASF</subfield>
    <subfield code="b">RABASF</subfield>
    <subfield code="c">DP2</subfield>
    <subfield code="d">2026-06-11</subfield>
    <subfield code="l">0</subfield>
    <subfield code="o">Fot-2001</subfield>
    <subfield code="p">1098160</subfield>
    <subfield code="r">2026-06-11 14:03:42</subfield>
    <subfield code="w">2026-06-11</subfield>
    <subfield code="y">FOTOGRAF&#xCD;A</subfield>
  </datafield>
  <datafield tag="952" ind1=" " ind2=" ">
    <subfield code="0">0</subfield>
    <subfield code="1">0</subfield>
    <subfield code="2">ddc</subfield>
    <subfield code="4">0</subfield>
    <subfield code="7">0</subfield>
    <subfield code="8">FOTOGRAFIA</subfield>
    <subfield code="a">RABASF</subfield>
    <subfield code="b">RABASF</subfield>
    <subfield code="c">DP2</subfield>
    <subfield code="d">2026-06-11</subfield>
    <subfield code="l">0</subfield>
    <subfield code="o">Fot-2002</subfield>
    <subfield code="p">1098161</subfield>
    <subfield code="r">2026-06-11 14:03:42</subfield>
    <subfield code="w">2026-06-11</subfield>
    <subfield code="y">FOTOGRAF&#xCD;A</subfield>
  </datafield>
  <datafield tag="952" ind1=" " ind2=" ">
    <subfield code="0">0</subfield>
    <subfield code="1">0</subfield>
    <subfield code="2">ddc</subfield>
    <subfield code="4">0</subfield>
    <subfield code="7">0</subfield>
    <subfield code="8">FOTOGRAFIA</subfield>
    <subfield code="a">RABASF</subfield>
    <subfield code="b">RABASF</subfield>
    <subfield code="c">DP2</subfield>
    <subfield code="d">2026-06-11</subfield>
    <subfield code="l">0</subfield>
    <subfield code="o">Fot-2003</subfield>
    <subfield code="p">1098162</subfield>
    <subfield code="r">2026-06-11 14:03:42</subfield>
    <subfield code="w">2026-06-11</subfield>
    <subfield code="y">FOTOGRAF&#xCD;A</subfield>
  </datafield>
  <datafield tag="952" ind1=" " ind2=" ">
    <subfield code="0">0</subfield>
    <subfield code="1">0</subfield>
    <subfield code="2">ddc</subfield>
    <subfield code="4">0</subfield>
    <subfield code="7">0</subfield>
    <subfield code="8">FOTOGRAFIA</subfield>
    <subfield code="a">RABASF</subfield>
    <subfield code="b">RABASF</subfield>
    <subfield code="c">DP2</subfield>
    <subfield code="d">2026-06-11</subfield>
    <subfield code="l">0</subfield>
    <subfield code="o">Fot-2004</subfield>
    <subfield code="p">1098163</subfield>
    <subfield code="r">2026-06-11 14:03:42</subfield>
    <subfield code="w">2026-06-11</subfield>
    <subfield code="y">FOTOGRAF&#xCD;A</subfield>
  </datafield>
  <datafield tag="999" ind1=" " ind2=" ">
    <subfield code="c">86385</subfield>
    <subfield code="d">86385</subfield>
  </datafield>
</record>
